| 000 | 00000nas 2200000za 4500 |
| 001 | 9.501561 |
| 003 | CaOODSP |
| 005 | 20221107133006 |
| 007 | cr ||||||||||| |
| 008 | 150406c19969999bcc x m o f0 b0fre|d |
| 040 | |aCaOODSP|bfre |
| 043 | |an-cn-bc |
| 086 | 1 |aFo143-2F-PDF |
| 130 | 0 |aRapport d'information (Centre de foresterie du Pacifique) |
| 245 | 10|aRapport d'information [BC-X-série] / |h[ressource électronique]|cCentre de foresterie du Pacifique. |
| 260 | |a[Victoria, C.-B.] : |bRessources naturelles Canada, |c[1996?]- |
| 310 | |aIrrégulier |
| 362 | 1 |aParaît depuis BC-X-362 (1996)? |
| 500 | |aPubl. aussi en anglais sous le titre : Information report. |
| 692 | 07|2gccst|aForesterie |
| 710 | 1 |aCanada. |bRessources naturelles Canada. |
| 710 | 2 |aCentre de foresterie du Pacifique. |
| 775 | 08|tInformation report |w(CaOODSP)9.504853 |
| 776 | 0#|tRapport d'information [BC-X-série] / |w(CaOODSP)9.513770 |